=LDR 00000nam 2200000 4500 =001 INLIS000000000036654 =005 20200316073458 =035 ##$$a 0010-061300000036654 =008 200316################g##########0#ind## =041 ##$$a Ind =082 ##$$a 261 =090 ##$$a 261, Tro m =100 ##$$a Troll, Christian W =245 1#$$a Muslim bertanya kristen menjawab /$c Christian W Troll ; Alih bahasa, Markus Solo Kewuta =260 ##$$a Jakarta :$b Elex Media Komputindo,$c 2011 =300 ##$$a xxxix, 226 hlm, ; $c 21 x 14 cm. =650 #4$$a Teologi (Hubungan Antar Agama) =700 #$$a Kewuta, Markus Solo =850 ##$$a NBPNMAT =020 ##$$a 978-602-00-0759-5 =084 ##$$a 261 TRO m =990 ##$$a 94261/BPAP-NTB/2014 =990 ##$$a 21195355/BPAP-NTB/2014 =990 ##$$a 21400613/BPAP-NTB/20142014 =990 ##$$a 0001/BPAP-NTB/20142014 =990 ##$$a 0001/BPAP-NTB/2016 =990 ##$$a 21102579 =990 ##$$a 94261/BPAP-NTB/2014 =990 ##$$a 21195355/BPAP-NTB/2014 =990 ##$$a 21102580 =990 ##$$a 94261/BPAP-NTB/2014 =990 ##$$a 21102579 =990 ##$$a 21102580 =990 ##$$a 94261/BPAP-NTB/2014 =990 ##$$a 21102579 =990 ##$$a 21102581 =990 ##$$a 21102580 =990 ##$$a 21102579